[Event "Grenke Chess Classic 3rd"]
[Site "Baden-Baden"]
[Date "2015.02.03"]
[Round "2"]
[White "Carlsen, Magnus"]
[Black "Adams, Michael"]
[Result "1-0"]
[WhiteElo "2865"]
[BlackElo "2738"]
[Annotator "Sagar Shah"]
[PlyCount "127"]
[EventDate "2015.02.02"]
[EventType "tourn"]
[EventRounds "7"]
[EventCountry "GER"]
[EventCategory "20"]
[SourceTitle "EXT 2016"]
[Source "ChessBase"]
[SourceDate "2015.10.08"]
[SourceVersion "1"]
[SourceVersionDate "2015.10.08"]
[SourceQuality "1"]

{Michael Adams was Magnus Carlsen's second for his World Championship Match
2014 against Vishy Anand. Carlsen said that he included Adams in his team to
get a human feel to the preparations owing to the British player's excellent
positional understanding. Hence, this game which was played three months after
the World Championship match was extremely interesting.} 1. c4 e5 2. Nc3 Nf6 3.
Nf3 Nc6 4. g3 Bb4 {This line with four knights in the English is strategically
very complicated. Basically there are two ways for White to play. One is to
continue normally with Bg2 and later allow Black to take on c3 or as Carlsen
plays in this game, to jump with the N on d5.} 5. Nd5 {Marin recommends a
similar knight jump to d5 in his book on the English but there instead of Nf3,
White has played Bg2.} Bc5 {It was also possible to leave the bishop out on b4
and continue with 0-0 or e4 but this move Bc5 looks the most natural.} (5... e4
$5 6. Nh4 O-O 7. Bg2 (7. Nxb4 Nxb4 8. Bg2 d5 $1 $17) 7... Re8 8. O-O {With an
interesting position. THe important point to note is that White usually
refrains from taking on b4 because he considers his knight on d5 to be much
stronger and important than the B on b4.}) 6. Bg2 d6 (6... e4 {would be highly
inaccurate because of} 7. Ng5 $1 Nxd5 8. Nxe4 $1 Bxf2+ 9. Nxf2 $14 {And the
central pawns determine White's advantage.}) 7. O-O O-O 8. d3 {We reach the
main position of the opening. It could be said that Black has wasted a tempo
in playing Bb4-c5. Which means that if he had directly played his bishop to c5
from f8 then it would have been the same position apart from the White knight
being on c3 instead of d5. So the question to be asked is whether White has
benefitted from playing his knight to d5. Adams doesn't think so and he
exchanges it off.} Nxd5 (8... h6 {is the other way to go. This move prevents
the pinning of the knight with Bg5.} 9. a3 a5 10. Nxf6+ Qxf6 11. Nd2 {With an
interesting position as witnessed in the game Topalov-Epishin 1994. White
tries to reroute his knight to the d5 square via d2-e4-c3-d5.}) 9. cxd5 Nd4 (
9... Ne7 {can be met with} 10. d4 exd4 11. Nxd4 {At first glance this position
looks clearly better for White as he has more space due to the pawn on d5. But
things are not so clear as Black immediately looks for the exchange of one
pair of minor pieces.} Nf5 12. Nb3 $1 {This is the right way to claim an
advantage. White has more space and must definitely refrain from exchanges.} (
12. Nxf5 Bxf5 $11 {is a very fine position for Black.}) 12... Bb6 13. e4 Ne7
14. Re1 $14) 10. Nxd4 exd4 {A very unusual structure with both the sides
having doubled d-pawns has arisen. Who stands better? In general Black's dark
squared bishop is his main piece that defends his position. If magically you
could remove the c1 and the c5 bishop then White would be clearly better. The
main reason for that is the c7 pawn would be very weak. In general to attack
c7 for White would be much easier than e2 for Black. Carlsen's subsequent play
thus revolves around posing maximum problems to the c5 bishop.} (10... Bxd4 {
is plausible. A high quality game between Karpov-Anand, Frankfurt Rapid 1997
continued} 11. e3 Bb6 12. b4 Bd7 13. a4 a5 14. b5 f5 15. Bd2 Qf6 16. Rc1 Qg6
17. Rc4 {The game reached an interesting position and here Rae8 would have
maintained the balance but Anand went for} f4 $6 (17... Rae8 $1 $132) 18. exf4
$6 (18. Be4 $1 {would have given the advantage to Karpov.} Bf5 19. exf4 $14)
18... Qxd3 19. Qc1 exf4 20. Bxf4 $11 {With an interesting position.}) 11. Bd2
a5 {Stopping queenside expansion with b4.} 12. e4 $5 dxe3 (12... f5 $5 $132 {
Keeping the pawn structure without taking fxe3 was also an option.}) 13. fxe3 (
13. Bxe3 {Earlier I mentioned that it would be nice for White to get rid of
the dark squared bishops. But things have changed now. White's pawn structure
is no longer as compact as it used to be before the e3 break. In fact now it
makes more sense to preserve the bishops and block the black one with d3-d4.
As seen in the game, Black's dark squared bishop is left without much to do
after it is blocked with d4.} Bxe3 14. fxe3 Bd7 $11) 13... Qg5 14. Rf4 Bd7 15.
a4 Rae8 (15... Rfe8 $5 {Somehow it made more sense to keep the a8 rook where
it is for the time being. White is angling for the b2-b4 break and then the
rook on a8 could come in handy.}) 16. d4 Bb6 17. Qb3 {Putting the queen on an
active square on c4 before going for the b4 break.} Qd8 (17... Re7 18. Qc4 Rfe8
19. b4 $14 {is similar to the game with one difference being, the queen is on
g5 which is more active than the one on d8 as in the game. And this difference
turns out to be disadvantageous for Black because his queenside pawns will be
weak and fragile.}) 18. Qc4 Re7 19. b4 $1 {After this break White's advantage
starts to assume very real proportions. The point to note here is how
effectively each of White's piece is positioned and how passive black pieces
have become. The bishop on b6 is biting on granite. The bishop on d7 doesn't
know what to do. Queen is passive on d8 and even if White doubled the rooks on
the e-file, the bishop on d2 does a great job of defending everything.} axb4
20. a5 Ba7 21. Qxb4 c5 {Finally Adams tries to break free from the bind. It is
very instructive to see how Carlsen handles this position.} 22. dxc6 {This was
forced as it makes no sense to open the path for the a7 bishop by spoiling the
e3-d4 formation.} Bxc6 (22... bxc6 {This would have been wonderful if it was
possible because now Black can blast open the position with c6-c5. But the
problem is that the d6 pawn falls now.} 23. Qxd6 $16) 23. Qb3 {A very nice
move putting pressure on the f7 point.} Bxg2 24. Kxg2 {Almost magically Black
has been left with more weaknesses than White. White's advantage is made up of
the following factors: 1. The b7 and d6 pawns are weak. The e3 and a5 pawns
which can be source of counterplay for Black are securely defended by the d2
bishop. 2. The white rooks and queen have more weaknesses to focus upon in the
black position than the Black major pieces. 3. And the biggest advantage for
Black is his e3-d4 pawn structure which limits the a7 bishop. 4. One factor
which is in Black's favour is the weakness of the White king. Black king is
very safe on the g8 square. One has to understand that White's advantage is in
no way substantial. It is the kind of nagging edge which humans find very
irritating to defend against. For a machine, Black's position is completely
tenable.} Qd7 (24... d5 {would be a positionally desirable move but tactically
doesn't work due to} 25. Bb4 $18) (24... Rfe8 25. Qd5 $1 $14 (25. Raf1 {
would be inaccurate because of} d5 $1 {And black is back into the game. His
bishop can now be activated on the b8-h2 diagonal. Notice how Carlsen prevents
this d6-d5 move for Black in the game.})) 25. Raf1 Rc8 26. Rf5 $1 {Preventing
d5.} h6 27. R1f2 Bb8 28. Bb4 Qc6+ 29. R2f3 (29. Qd5 Qxd5+ 30. Rxd5 Rxe3 $11 {
is not something that White would want.}) 29... Rcc7 30. Be1 Qe8 (30... Qc4 31.
Qxc4 Rxc4 32. Rb5 $14) (30... g6 $1 {Pushing the rook away from the favourable
fifth rank.} 31. Rf6 Qc4 $1 32. Qxc4 Rxc4 $11 {Black is more than alright here.
}) 31. g4 Re4 (31... Qc8 $5 {was a better way to play} 32. Qd5 (32. Bf2 $2 g6
$1 33. R5f4 d5 $1 34. Qxd5 Rcd7 $17) 32... g6 33. R5f4 Rc2+ 34. Rf2 Rxf2+ 35.
Bxf2 Kg7 $11) 32. h3 Rce7 33. Bf2 {Once again Black's counterplay comes to a
standstill as the bishop comes just in time to defend the pawns.} R4e6 34. Rb5
Bc7 35. Rxb7 Qa8 $2 {The fatal mistake of the game. Now Carlsen has a winning
position.} (35... Bxa5 36. Rb8 Bd8 37. Bh4 Rd7 38. Qd5 $14 {looks scary for
Black but no real threat is apparent and he can defend this position.}) 36. Rb5
$1 Re8 37. Qd5 Qxd5 38. Rxd5 {White is a pawn up and maintains all his
positional trumps. The rest is very easy for Magnus.} Rb8 39. Bg3 g6 (39...
Rb2+ 40. Rf2 Rb3 41. Re2 Rbxe3 42. Rxe3 Rxe3 43. a6 Ra3 44. Bxd6 Bxd6 45. Rxd6
$18 {With two passed pawns, this should be a winning endgame.}) 40. h4 Ra8 41.
Be1 Re4 42. g5 $5 {Playing aggressively. The pawn on g5 is very safe because
the rook on d5 is very stable.} h5 43. Rb5 Ra7 44. Kf1 Re8 45. Ke2 Rea8 46. Rf6
Ra6 47. Bb4 Bxa5 48. Rxa5 Rxa5 49. Bxa5 Rxa5 50. Rxd6 {The rook endgame is
easily won.} Kf8 51. Rf6 Ra3 52. Kf3 Ke7 53. Ke4 Ra5 54. Rf4 Rb5 55. d5 Rb3 56.
Kd4 Ra3 57. e4 Rb3 58. Ke5 {Slowly and steadily Carlsen makes progress and
there is no way to prevent it.} Rd3 59. Rf1 Rh3 60. Ra1 Rxh4 61. d6+ Kd7 62.
Ra7+ Ke8 63. Ra8+ Kd7 64. Rf8 {The f7-pawn falls and the game is over. Where
was black's exact mistake is a very logical question that can be asked. I
think overall the structure was such that it was very difficult to create
counterplay for Black. And Adams would have drawn that position against many
great players in the world but against Carlsen! Well, that guy's technique is
just from another planet!} 1-0

[Event "Qatar Masters op"]
[Site "Doha"]
[Date "2014.11.30"]
[Round "5"]
[White "Mista, Aleksander"]
[Black "Aravindh, Chithambaram VR"]
[Result "0-1"]
[WhiteElo "2616"]
[BlackElo "2485"]
[Annotator "Sagar Shah"]
[PlyCount "62"]
[EventDate "2014.11.26"]
[EventType "swiss"]
[EventRounds "9"]
[EventCountry "QAT"]
[SourceTitle "CBM 164"]
[Source "ChessBase"]
[SourceDate "2015.01.15"]
[SourceVersion "1"]
[SourceVersionDate "2015.01.15"]
[SourceQuality "1"]

{The little Indian prodigy Aravindh Chithambaram recently became a GM in
December 2014 at the age of 15 years. He is surely a big talent to watch out
for. In this game he beat a strong Polish GM Mista Aleksander. Let's have a
look at the game.} 1. c4 e5 2. g3 Nf6 3. Bg2 d5 4. cxd5 Nxd5 {The Reversed
Open Sicilian is a curious opening. White here has a comfortable version of
the Sicilian Defence but whether he will be successful in getting an opening
advantage is an entirely different question.} 5. Nc3 Nb6 6. Nf3 Nc6 7. O-O Be7
8. a3 {Thanks to the trilogy of books written by Mihail Marin on the English
Opening, this move has seen a surge in popularity. White foregoes the move
d2-d3 in order to immediately start his queenside expansion.} O-O (8... a5 {
is not a good move. It stops b4 but weakens the b6-square a little and gives
White easy play with the move d3, Be3, Rc1 followed by Na4.}) 9. b4 Re8 $5 {
This little rook move has become quite fashionable after a lot of top players
have tried it in the past. The main idea is to tuck in the bishop on the
f8-square and then plonk the knight on d4. After the exchange on d4, the rook
will find itself on the very useful half open e-file.} 10. Rb1 (10. b5 Nd4 11.
Nxe5 Bf6 12. f4 (12. Nf3 Nxe2+ $19) 12... Bxe5 13. fxe5 Rxe5 {Earlier this
position was considered just equal mainly because the b5-pawn is falling and
if you try to save it with a4 then Bg4 would be quite strong. But recently the
strong Russian grandmaster Maxim Matlakov proved the viability of this line
for White by winning a great game against Jan Timman in Politiken Cup 2014.}
14. e3 $1 (14. a4 Bg4 $19) 14... Nxb5 15. Nxb5 Rxb5 16. a4 $44 {I think White
players should look in this direction for an advantage in this variation.
Maybe 16.a4 or something else. Because as we shall see in the game, the move
10.Rb1 doesn't promise any advantage to White.} (16. Qc2 $5 {stopping Rf5 and
threatening a4.})) 10... Bf8 11. d3 {There are two approaches for Black in
this position. One is to go directly Nd4. The other one is to play a5, forcing
b5 and then play Nd4. Aravindh goes for the latter but the former has scored
better.} a5 (11... Nd4 12. Nd2 (12. Ne1 {is Marin's recommendation} c6 13. e3
Nb5 14. Bb2 Nxc3 15. Bxc3 Qd6 $11) 12... c6 13. e3 Nb5 14. Qc2 {was my game
against IM Shardul Gagare and here Black has good chances after the move} Bg4
$5 (14... a5 $6 15. Nxb5 cxb5 16. bxa5 Rxa5 17. Ne4 $14) 15. Re1 Nxc3 16. Qxc3
Qd7 $11) 12. b5 Nd4 13. Nd2 {White would like to push the knight away with e3
now.} (13. a4 Bg4 $1 $15) 13... a4 14. e3 Ne6 15. Nf3 {As Marin mentions in
his book, "It might seem that White has lost two tempi, but Black's wandering
knight will also cost time." Let's see how true this is.} (15. Nc4 $6 {is what
I played once with White but I think Black can get a very comfortable position
with} Nxc4 16. dxc4 Qxd1 17. Rxd1 Nc5 $15) 15... Nc5 16. d4 (16. Nxe5 Rxe5 17.
d4 Re8 18. dxc5 Qxd1 19. Rxd1 Bxc5 $11 {is nothing much for White.}) 16... exd4
17. Nxd4 {Quoting Marin,"White has annihilated Black's space advantage in the
centre and has a mobile kingside majority. In the next phase of the game,
White needs to find a favourable way of developing his dark squared bishop,
while keeping his queenside weaknesses well defended. Ironically Black has a
similar problem. His c8-bishop has no favourable squares at its disposal while
the b7- and a4-pawns need constant care."} Qf6 (17... g6 {was once played by
Gelfand against Georgiev but Aravindh's move looks logical.}) 18. Qc2 Qg6 $5
19. e4 (19. Qxg6 hxg6 {and because the knight on c5 stands so well, White
cannot hope for any edge.}) 19... Bg4 $1 {Aravindh deviates from the previous
two games. I do not think this move was prepared by him but it is not at all
bad. It is just expecting White to make some pawn move on the kingside thereby
weakening his position to some extent.} (19... Rd8 $6 {was played in
Webster-Lewis but White immediately gained the advantage with} 20. Nce2 Bg4 21.
Nf4 $1 {is the improvement over the game continuation of f3.} Qf6 22. Nf5 $14)
(19... Ne6 {was played in Cox-Ledger but White gets an edge after} 20. Nf5 $1
$14) 20. f3 (20. h3 {was definitely better.} Be6 $5 {Giving up this bishop
makes some sense because the knight on d4 is an important piece and its
disappearance will create a lot of holes in White's camp.} 21. Nxe6 Nxe6 (21...
Qxe6 22. Be3 Nb3 (22... Nc4 $2 23. Bxc5 Bxc5 {With the pawn on f3 instead of
h3 this move comes with a check as shown below.} 24. Nd5 $18) 23. Nxa4 $14) 22.
Ne2 Rad8 23. f4 Nd4 24. Nxd4 Rxd4 25. Qxc7 (25. Bb2 Rdxe4 26. Bxe4 Rxe4 27. Kh2
Re3 $44 {Black is doing well here.}) 25... Rd7 26. Qc3 Rc8 27. Qf3 Nc4 $44 {
Black has ample compensation for the pawn. His next task is to double on the
d-file and infiltrate into the white camp.}) 20... Rad8 $5 (20... Be6 $5 {
The same idea as shown in the variation to the previous move.} 21. Nxe6 (21. f4
Bb3 $1 $17) 21... Qxe6 $15 {[%cal Gc5b3]} 22. Be3 Nc4 $17) 21. Nce2 Bc8 (21...
Be6 {is a key idea in this variation and should be remembered. Because the
b3-square is where our knight wants to go.}) 22. Bb2 (22. Be3 {seemed a more
cohesive form of development.}) 22... f6 $1 {Blunting the bishop on the long
diagonal, restraining the e4-pawn and making way for the queen to go to f7.
What more can you ask from one little pawn move!} 23. Ba1 {Due to this move,
later on the a3-pawn will be vulnerable.} (23. Rfc1 {would have been better.})
23... Qf7 24. Rfc1 Ne6 {The a3-pawn is attacked and Black is slowly trying to
win the battle related to the b3-square.} 25. Nxe6 $6 (25. Bb2 {defending the
a3-pawn was relatively the best but Black has a serious advantage after} Bc5
$17) 25... Bxe6 $19 {With the bishop coming to b3, control of the d-file, the
white pawn weakness on a3, the passive bishop on g2, White's position is as
good as lost. And now Mista brought the game to a quick end.} 26. Qxc7 $2 (26.
Bb2 Bb3 27. Qc3 Nc4 {The a3-pawn falls and Black will win pretty soon.}) 26...
Rd1+ $1 {Typical deflection.} 27. Kf2 (27. Rxd1 Qxc7 $19) 27... Qxc7 28. Rxc7
Rxb1 {Black is a rook up! The next few moves were made out of inertia I guess.}
29. Bd4 Nc4 30. Nf4 Nxa3 31. Nxe6 Nxb5 {This idea of Qf6-g6 followed by Bg4 is
an extremely strong idea by Aravindh. White players will have to come up with
something concrete against this or else it seems like Black is doing fine in
this a5 followed by Nd4 variation.} 0-1